නව ගිවිසුම සමීක්ෂණය ‌/

Nava givisuma sameekshanaya
Saved in:
Bibliographic Details
Main Author: ටෙනී සී, මෙරීල්
Format: Book
Published: පේරාදෙණිය : ලංකා බයිබල් විද්‍යාලය, [1994?].
Tags: Add Tag
No Tags, Be the first to tag this record!

MARC

LEADER 00000nam a22000007a 4500
003 LK-CoNLD
005 20260331100842.0
008 260330b |||||||| |||| 00| 0 ||| d
015 |2 slnb 
017 |a 252274  |b LK-CoDNA 
040 |a LK-CoNLD  |b SIN  |c LK-CoNLD  |d LK-CoNLD 
082 |2 23  |q LK-CoNLD 
100 |a ටෙනී සී, මෙරීල්  |9 93121 
245 |6 880-1  |a නව ගිවිසුම සමීක්ෂණය ‌/  |c මෙරීල් සී. ටෙනී. 
260 |a පේරාදෙණිය :  |b ලංකා බයිබල් විද්‍යාලය,  |c [1994?]. 
300 |a පි. 257 ;  |c සෙමි. 28.  |b මැබැ-බෝක : රු.668.20 
500 |a මිල තීරණය කිරීමේ මාර්ගෝපදේශයට අනුව සකසන ලද මිල රු.668.20 වේ. 
880 |6 245-1  |a Nava givisuma sameekshanaya 
942 |c BOOK 
945 |a 21990  |b Sachini DHANANJANI  |c 18246  |d Chamari MUTHUMALI 
999 |c 298570  |d 298570